| 000 -ლიდერი |
| ფიქსირებული სიგრძის საკონტროლო ველი |
01509nam a22002297a 4500 |
| 003 - საკონტროლო ნომრის იდენტიფიკატორი |
| საკონტროლო ველი |
Ge_BSU |
| 005 - ბოლო ოპერაციის თარიღი და დრო |
| საკონტროლო ველი |
20230627172753.0 |
| 008 - ფიქსირებული სიგრძის მონაცემთა ელემენტები - ზოგადი ინფორმაცია |
| ფიქსირებული სიგრძის საკონტროლო ველი |
230627s2012 ge ||||| |||| 00| 0 geo d |
| 020 ## - წიგნის საერთაშორისო სტანდარტული ნომერი |
| International Standard Book Number |
9789941104879 |
| 041 ## - ენის კოდი |
| Language code of text/sound track or separate title |
geo |
| 080 ## - უნივერსალური ათობითი კლასიფიკაციის ინდექსი |
| Universal Decimal Classification number |
016:929(479.22) ი-74 |
| 245 ## - ცნობა სათაურის შესახებ |
| Title |
ირაკლი ანთელავა : |
| Remainder of title |
ბიობიბლიოგრაფია / |
| Statement of responsibility, etc |
საქ. ისტორიკოსთა ეროვნ. კომ-ტი, ცხუმ-აფხაზეთის მეცნ. აკად., ექვთიმე თაყაიშვილის საქ. საისტ. საზ-ბა ; [რედ. მერი გაბედავა]. |
| 264 ## - წარმოების, გამოცემის, დისტრიბუციის და სხვა ცნობები |
| გამოცემის, წარმოების, დისტრიბუციის... ადგილი |
თბილისი : |
| გამოცემის, წარმოების, დისტრიბუციის... სახელწოდება |
მერიდიანი, |
| გამოცემის, წარმოების, დისტრიბუციის... თარიღი |
2012. |
| 300 ## - ფიზიკური აღწერა |
| Extent |
140გვ. : |
| Other physical details |
ფოტ. ; |
| Dimensions |
20სმ. |
| 501 ## - შენიშვნა თანმხლებ მასალაზე |
| With note |
ფოტოილ.: გვ. 125-138. |
| 653 ## - INDEX TERM--UNCONTROLLED |
| Uncontrolled term |
ანთელავა, ირაკლი, 1912-1978. |
| 653 ## - INDEX TERM--UNCONTROLLED |
| Uncontrolled term |
ქართველი ისტორიკოსები - ბიბლიოგრაფია. |
| 653 ## - INDEX TERM--UNCONTROLLED |
| Uncontrolled term |
ისტორია - ბიბლიოგრაფია |
| 700 ## - ADDED ENTRY--PERSONAL NAME |
| Personal name |
გაბედავა, მერი |
| Relator term |
რედაქტორი |
| 9 (RLIN) |
19017 |
| 710 ## - ADDED ENTRY--CORPORATE NAME |
| Corporate name or jurisdiction name as entry element |
საქ. ისტორიკოსთა ეროვნ. კომ-ტი |
| Subordinate unit |
ცხუმ-აფხაზეთის მეცნ. აკად. ექვთიმე თაყაიშვილის საქ. საისტ. საზ-ბა. |
| 9 (RLIN) |
19018 |
| 942 ## - ADDED ENTRY ELEMENTS (KOHA) |
| Source of classification or shelving scheme |
|
| Koha item type |
წიგნი |